000 01121nam a22002657a 4500
003 OSt
005 20260115175818.0
008 260115b |||||||| |||| 00| 0 eng d
040 _c0
082 _aDPer 370.15 J826 October-November 2024 v. 116 n. 3-8
100 _aXu, Ying
_eauthor.
_969450
245 _aArtificial intelligence enhances children's science learning from television shows/
_cYing Xu, Kunlei He, Julian Levine, Daniel Ritchie, Zexuan Pan, Andres Bustamante, and Mark Warschauer.
260 _aWashington, DC ;
_bAmerican Psychological Association ,
_cOctober 2024.
300 _aVolume 116, pages 1071-1092 :
_billustration ;
_c28 cm.
500 _aJournal of Educational Psychology, vol. 116, no. 7-8, pages 1071-1092, October-November 2024.
700 _aXu, Ying
_eauthor.
_969450
700 _aHe, Kunlei
_eauthor.
_969452
700 _aLevine, Julian
_eauthor.
_969453
700 _aRitchie, Daniel
_eauthor.
_969454
700 _aPan, Zexuan
_eauthor.
_969455
700 _aBustamante, Andres
_eauthor.
_969456
700 _aWarschauer, Mark
_eauthor.
_969457
710 _969451
942 _2ddc
_cPER
999 _c24242
_d24242